[Event "ITA-ch Seniors 65 44th"]
[Site "Macerata"]
[Date "2022.09.30"]
[Round "7"]
[White "Gibellato, Francesco"]
[Black "Zangrando, Gianpietro"]
[Result "1-0"]
[WhiteElo "1943"]
[BlackElo "1674"]
[PlyCount "73"]
[EventDate "2022.09.25"]
[EventType "swiss"]
[EventRounds "9"]
[EventCountry "ITA"]
[SourceTitle "EXT 2024"]
[Source "ChessBase"]
[SourceDate "2023.10.10"]
[SourceVersion "1"]
[SourceVersionDate "2023.10.10"]
[SourceQuality "1"]

1. e4 c5 2. Nf3 e6 3. d3 Nc6 4. g3 Nf6 5. Bg2 Be7 6. 0-0 0-0 7. c3 d5 8. e5 Nd7 9. Re1 b5 10. Nbd2 Rb8 11. h4 Qc7 12. Qe2 c4 13. d4 b4 14. Nf1 Nb6 15. Qc2 Na5 16. Bg5 b3 17. axb3 cxb3 18. Qb1 Nac4 19. Bxe7 Qxe7 20. N1d2 a5 21. Nxc4 Nxc4 22. Bf1 g6 23. Bxc4 dxc4 24. Nh2 Bb7 25. Ng4 Kh8 26. Nf6 Qc7 27. Qc1 Kg7 28. Rf1 h5 29. Qg5 Rh8 30. f3 a4 31. Rxa4 Bxf3 32. Rxf3 Qc6 33. Nxh5+ Rxh5 34. Qf6+ Kh6 35. Ra7 Qe4 36. Rxf7 Ra8 37. Qg7# 1-0

[Event "ITA-ch Seniors 65 44th"]
[Site "Macerata"]
[Date "2022.09.27"]
[Round "3"]
[White "Zangrando, Gianpietro"]
[Black "Iudicello, Giovanni"]
[Result "0-1"]
[WhiteElo "1674"]
[BlackElo "2085"]
[PlyCount "74"]
[EventDate "2022.09.25"]
[EventType "swiss"]
[EventRounds "9"]
[EventCountry "ITA"]
[SourceTitle "EXT 2024"]
[Source "ChessBase"]
[SourceDate "2023.10.10"]
[SourceVersion "1"]
[SourceVersionDate "2023.10.10"]
[SourceQuality "1"]

1. Nf3 Nf6 2. g3 g6 3. Bg2 Bg7 4. 0-0 0-0 5. d4 d6 6. Nbd2 Nbd7 7. c3 e5 8. Qc2 Qe7 9. e4 Ne8 10. Nc4 Nb6 11. Bg5 f6 12. Nxb6 axb6 13. Be3 f5 14. Ng5 f4 15. Qb3+ Kh8 16. h4 fxe3 17. fxe3 Nf6 18. d5 h6 19. Nh3 Bd7 20. Qc4 Rac8 21. Nf2 Ng4 22. Nxg4 Bxg4 23. Rxf8+ Rxf8 24. a4 Ra8 25. b4 h5 26. Kh2 Bh6 27. Qd3 g5 28. Bh3 gxh4 29. Bxg4 hxg3+ 30. Kg2 hxg4 31. Rh1 Qg5 32. Kxg3 Rf8 33. Rf1 Rxf1 34. Qxf1 Qxe3+ 35. Kxg4 Qxe4+ 36. Kh5 Bf4 37. Qb5 Qf5+ 0-1

[Event "ITA-ch Seniors 65 44th"]
[Site "Macerata"]
[Date "2022.09.26"]
[Round "2"]
[White "Centofante, Maria Rosa"]
[Black "Zangrando, Gianpietro"]
[Result "0-1"]
[WhiteElo "1404"]
[BlackElo "1674"]
[PlyCount "92"]
[EventDate "2022.09.25"]
[EventType "swiss"]
[EventRounds "9"]
[EventCountry "ITA"]
[SourceTitle "EXT 2024"]
[Source "ChessBase"]
[SourceDate "2023.10.10"]
[SourceVersion "1"]
[SourceVersionDate "2023.10.10"]
[SourceQuality "1"]

1. d4 d5 2. Nf3 c6 3. c4 e6 4. Nc3 Be7 5. h3 Nd7 6. cxd5 exd5 7. Bf4 Ngf6 8. e3 Ne4 9. Bd3 Ndf6 10. 0-0 Bf5 11. a3 0-0 12. Rc1 Nxc3 13. Rxc3 Bxd3 14. Qxd3 Ne4 15. Rc2 g5 16. Bh2 Kh8 17. Ne5 f6 18. Ng4 Kg7 19. f4 h5 20. Nf2 f5 21. fxg5 Bxg5 22. Be5+ Kh6 23. Bf4 Bxf4 24. exf4 Qh4 25. Nh1 Rg8 26. Rf3 Rg7 27. Kh2 Rag8 28. Qe3 Qe7 29. b4 a6 30. g3 Nd6 31. Re2 Qxe3 32. Rexe3 Ne4 33. Re2 Re8 34. Nf2 Rge7 35. Rfe3 Kg6 36. Nd3 Kf6 37. Ne5 Ra8 38. Rg2 a5 39. bxa5 Rxa5 40. g4 hxg4 41. hxg4 Rh7+ 42. Kg1 Rb5 43. Rh2 Rb1+ 44. Kg2 Rb2+ 45. Kf3 Rhxh2 46. g5+ Kg7 0-1

[Event "Arco op 41st"]
[Site "Arco"]
[Date "2019.10.09"]
[Round "6"]
[White "Wild, Helmut"]
[Black "Zangrando, Gianpietro"]
[Result "1-0"]
[WhiteElo "1870"]
[BlackElo "1735"]
[PlyCount "74"]
[EventDate "2019.10.04"]
[EventType "swiss"]
[EventRounds "9"]
[EventCountry "ITA"]
[SourceTitle "EXT 2020"]
[Source "ChessBase"]
[SourceDate "2019.10.17"]
[SourceVersion "1"]
[SourceVersionDate "2019.10.17"]
[SourceQuality "1"]

1. c4 c5 2. Nc3 Nc6 3. Nf3 Nf6 4. d4 cxd4 5. Nxd4 g6 6. e4 Bg7 7. Be3 0-0 8. Be2 d6 9. f3 Bd7 10. Rc1 Rc8 11. 0-0 b6 12. Qd2 Na5 13. b3 Re8 14. Rfd1 Nb7 15. Bf1 Nc5 16. h3 Ne6 17. Ncb5 Bxb5 18. Nxb5 a6 19. Nc3 Nd7 20. Nd5 Ndc5 21. Qf2 a5 22. Rb1 Rf8 23. a3 f5 24. exf5 Rxf5 25. Qd2 Ra8 26. b4 axb4 27. axb4 Nd7 28. Bd3 Rf8 29. Be4 Rb8 30. Qf2 Nf6 31. Nxf6+ Rxf6 32. Qa2 Kh8 33. Qa7 Nf4 34. Kf1 b5 35. cxb5 Rf8 36. Bd4 Bxd4 37. Qxd4+ Rf6 1-0

[Event "Arco op 41st"]
[Site "Arco"]
[Date "2019.10.04"]
[Round "1"]
[White "Zangrando, Gianpietro"]
[Black "Tocco, Paolo"]
[Result "0-1"]
[WhiteElo "1735"]
[BlackElo "2089"]
[PlyCount "48"]
[EventDate "2019.10.04"]
[EventType "swiss"]
[EventRounds "9"]
[EventCountry "ITA"]
[SourceTitle "EXT 2020"]
[Source "ChessBase"]
[SourceDate "2019.10.17"]
[SourceVersion "1"]
[SourceVersionDate "2019.10.17"]
[SourceQuality "1"]

1. Nf3 f5 2. d3 Nc6 3. g3 e5 4. e4 Nf6 5. exf5 d5 6. Nh4 Nd4 7. Bg2 Nxf5 8. Nxf5 Bxf5 9. Nc3 Bb4 10. 0-0 0-0 11. a3 Bc5 12. Qe1 Re8 13. Bg5 c6 14. Na4 Bd6 15. Qc3 h6 16. f4 d4 17. Bxf6 dxc3 18. Bxd8 cxb2 19. Nxb2 Raxd8 20. fxe5 Bxe5 21. Rxf5 Bxb2 22. Rb1 Bd4+ 23. Kf1 Rf8 24. Rf3 Rd6 0-1

[Event "Chioggia op-B 11th"]
[Site "Chioggia"]
[Date "2016.10.09"]
[Round "5"]
[White "Zangrando, Gianpietro"]
[Black "Artuso, Sofia"]
[Result "0-1"]
[WhiteElo "1829"]
[BlackElo "1700"]
[PlyCount "62"]
[EventDate "2016.10.07"]
[EventType "swiss"]
[EventRounds "5"]
[EventCountry "ITA"]
[SourceTitle "EXT 2022"]
[Source "ChessBase"]
[SourceDate "2021.10.06"]
[SourceVersion "1"]
[SourceVersionDate "2021.10.06"]
[SourceQuality "1"]

1. Nf3 Nf6 2. g3 e6 3. Bg2 d5 4. 0-0 Be7 5. c4 0-0 6. d4 c6 7. Nc3 b6 8. Ne5 Bb7 9. Qc2 Nbd7 10. e4 Rc8 11. Qe2 Ba6 12. b3 c5 13. exd5 exd5 14. Nxd5 Nxd5 15. Bxd5 Nxe5 16. dxe5 Qxd5 17. cxd5 Bxe2 18. Re1 Bg4 19. Kg2 Rfe8 20. h3 Bd7 21. Re4 Rcd8 22. Bb2 Bc8 23. Ra4 Rxd5 24. Rxa7 Rd2 25. Bc3 Rc2 26. Be1 f6 27. Rd1 fxe5 28. Bd2 Bf6 29. Be3 Rd8 30. Rxd8+ Bxd8 31. Ra8 Bb7+ 0-1

[Event "Padova op-A 17th"]
[Site "Padova"]
[Date "2014.12.18"]
[Round "6.35"]
[White "Zangrando, Gianpietro"]
[Black "Pompili, Ugo"]
[Result "0-1"]
[WhiteElo "1867"]
[BlackElo "1841"]
[PlyCount "93"]
[EventDate "2014.12.14"]
[EventType "swiss"]
[EventRounds "9"]
[EventCountry "ITA"]
[SourceTitle "EXT 2024"]
[Source "ChessBase"]
[SourceDate "2023.10.10"]
[SourceVersion "1"]
[SourceVersionDate "2023.10.10"]
[SourceQuality "1"]

1. Nf3 d6 2. g3 e5 3. Bg2 c6 4. 0-0 Be7 5. c4 Nd7 6. Nc3 Ngf6 7. d4 Qc7 8. b3 0-0 9. Bb2 Rb8 10. Rc1 b6 11. Qc2 Bb7 12. Qb1 a6 13. Qa1 c5 14. dxe5 dxe5 15. Rcd1 Rfd8 16. Nd5 Nxd5 17. cxd5 Bd6 18. Ng5 h6 19. Ne4 f6 20. Nd2 b5 21. e4 Rf8 22. Bh3 Bc8 23. Nf3 g5 24. Be6+ Kg7 25. Rd2 Nb6 26. Bxc8 Rbxc8 27. Rc2 Qe7 28. Rfc1 Nd7 29. a4 Ra8 30. Ba3 b4 31. Bb2 a5 32. Nd2 Nb6 33. Nf1 f5 34. f4 Nd7 35. exf5 Rxf5 36. Ne3 Rf7 37. Nc4 gxf4 38. gxf4 Rxf4 39. Rg2+ Kh8 40. Re1 Rf5 41. Qc1 Rf6 42. Rge2 Raf8 43. Nxa5 Qg7+ 44. Rg2 Rg6 45. Rxg6 Qxg6+ 46. Kh1 Rf2 47. Rg1 0-1

[Event "Padova op-A 17th"]
[Site "Padova"]
[Date "2014.12.16"]
[Round "3.32"]
[White "Bergamasco, Tommaso"]
[Black "Zangrando, Gianpietro"]
[Result "1-0"]
[WhiteElo "2012"]
[BlackElo "1867"]
[PlyCount "105"]
[EventDate "2014.12.14"]
[EventType "swiss"]
[EventRounds "9"]
[EventCountry "ITA"]
[SourceTitle "EXT 2024"]
[Source "ChessBase"]
[SourceDate "2023.10.10"]
[SourceVersion "1"]
[SourceVersionDate "2023.10.10"]
[SourceQuality "1"]

1. e4 e6 2. d4 d5 3. Nd2 c5 4. exd5 Qxd5 5. Ngf3 cxd4 6. Bc4 Qd8 7. Nb3 Nc6 8. Nbxd4 Nxd4 9. Nxd4 Nf6 10. 0-0 Be7 11. Bf4 a6 12. a4 0-0 13. c3 Nd5 14. Bg3 Bf6 15. Nf3 Qb6 16. Qc2 Bd7 17. Bxd5 exd5 18. Be5 Rac8 19. a5 Qd8 20. Bxf6 Qxf6 21. Qd2 Rfe8 22. Nd4 Qg6 23. Rfe1 Bh3 24. g3 Re4 25. f3 Ree8 26. Rxe8+ Rxe8 27. Re1 Rxe1+ 28. Qxe1 h5 29. Qe8+ Kh7 30. Qe1 Kg8 31. Kf2 Kf8 32. Qe5 Kg8 33. Qb8+ Kh7 34. Qxb7 Qd3 35. Ne2 Be6 36. Qb6 Bd7 37. Qd4 Bb5 38. Qxd3+ Bxd3 39. Nf4 Bc4 40. Nxh5 Kg6 41. Nf4+ Kf5 42. Ke3 Ke5 43. Nd3+ Kd6 44. b4 f6 45. Nf4 g5 46. Nh5 Ke6 47. f4 Kf5 48. Ng7+ Kg6 49. Ne8 Kf5 50. Nd6+ Ke6 51. Nxc4 dxc4 52. fxg5 fxg5 53. Kd4 1-0

[Event "Padova op-A 17th"]
[Site "Padova"]
[Date "2014.12.15"]
[Round "2.28"]
[White "Zangrando, Gianpietro"]
[Black "Movileanu, Daniela"]
[Result "0-1"]
[WhiteElo "1867"]
[BlackElo "2145"]
[PlyCount "84"]
[EventDate "2014.12.14"]
[EventType "swiss"]
[EventRounds "9"]
[EventCountry "ITA"]
[SourceTitle "EXT 2024"]
[Source "ChessBase"]
[SourceDate "2023.10.10"]
[SourceVersion "1"]
[SourceVersionDate "2023.10.10"]
[SourceQuality "1"]

1. Nf3 Nf6 2. c4 c5 3. g3 d5 4. cxd5 Nxd5 5. Bg2 Nc6 6. 0-0 e5 7. Nc3 Nc7 8. d3 Be7 9. Be3 Bd7 10. a3 0-0 11. Rb1 Rb8 12. Qc1 f6 13. Nd2 Ne6 14. Nd5 Ned4 15. Re1 Rc8 16. b3 Be6 17. Nxe7+ Qxe7 18. Qc3 b6 19. Nc4 Qd7 20. Rb2 Ne7 21. Qc1 Nd5 22. Bd2 Rfd8 23. Qb1 Qf7 24. b4 cxb4 25. axb4 Ne7 26. e3 Nb5 27. Bb7 Rb8 28. Bg2 Rd7 29. Rc1 Rbd8 30. Bf1 Bf5 31. Rb3 Qg6 32. e4 Be6 33. Be3 Qf7 34. Qa1 Nc6 35. Rbb1 Ncd4 36. Qa6 Nf3+ 37. Kg2 Qh5 38. h4 Nbd4 39. Bxd4 Nxd4 40. Ne3 g5 41. Nf5 Nxf5 42. exf5 Bd5+ 0-1

[Event "Padova op-A 17th"]
[Site "Padova"]
[Date "2014.12.14"]
[Round "1.26"]
[White "Vezzosi, Paolo"]
[Black "Zangrando, Gianpietro"]
[Result "1-0"]
[WhiteElo "2291"]
[BlackElo "1867"]
[PlyCount "63"]
[EventDate "2014.12.14"]
[EventType "swiss"]
[EventRounds "9"]
[EventCountry "ITA"]
[SourceTitle "EXT 2024"]
[Source "ChessBase"]
[SourceDate "2023.10.10"]
[SourceVersion "1"]
[SourceVersionDate "2023.10.10"]
[SourceQuality "1"]

1. d4 d5 2. c4 c6 3. Nf3 g6 4. Nc3 Bg7 5. cxd5 cxd5 6. Bf4 Nf6 7. e3 a6 8. Bd3 Nc6 9. 0-0 0-0 10. h3 Qb6 11. a3 Na5 12. b4 Nc4 13. Qe2 Nd6 14. Rfc1 Bd7 15. Ne5 Bf5 16. Bxf5 Nxf5 17. g4 Nd6 18. g5 Nh5 19. Nxd5 Qd8 20. Rc7 Nf5 21. Rd7 Nxf4 22. exf4 Qc8 23. Qd2 Bxe5 24. dxe5 Rd8 25. Rxd8+ Qxd8 26. Rd1 Qc8 27. Nb6 Nh4 28. Nxc8 Nf3+ 29. Kg2 Nxd2 30. Nxe7+ Kf8 31. Nxg6+ hxg6 32. Rxd2 1-0

[Event "Arco op 36th"]
[Site "Arco"]
[Date "2014.10.09"]
[Round "6"]
[White "Zangrando, Gianpietro"]
[Black "Weiland, Guenter"]
[Result "1-0"]
[WhiteElo "1864"]
[BlackElo "1953"]
[PlyCount "81"]
[EventDate "2014.10.04"]
[EventType "swiss"]
[EventRounds "9"]
[EventCountry "ITA"]
[SourceTitle "EXT 2016"]
[Source "ChessBase"]
[SourceDate "2015.10.08"]
[SourceVersion "1"]
[SourceVersionDate "2015.10.08"]
[SourceQuality "1"]

1. Nf3 Nf6 2. c4 c5 3. Nc3 g6 4. g3 Bg7 5. Bg2 0-0 6. 0-0 Nc6 7. Rb1 d6 8. d3 Bd7 9. a3 Qc8 10. Nd5 Bh3 11. b4 Bxg2 12. Kxg2 e6 13. Nxf6+ Bxf6 14. bxc5 dxc5 15. Bb2 e5 16. Nd2 Be7 17. Ne4 f5 18. Nc3 Rf7 19. Nd5 Bd6 20. f4 Qe6 21. e3 Re8 22. Re1 Ne7 23. Nc3 Bb8 24. Qf3 Rd8 25. Rbd1 Nc6 26. Nd5 e4 27. dxe4 fxe4 28. Qe2 h5 29. Ba1 Rdf8 30. Qb2 Kh7 31. h3 g5 32. Rf1 gxf4 33. Nxf4 Bxf4 34. Rxf4 Rg8 35. Rd5 Qg6 36. Qf2 Rfg7 37. Bxg7 Rxg7 38. Rff5 Kg8 39. Rf6 Qe8 40. Rdf5 Kh7 41. Qf4 1-0

[Event "Padova op-A 16th"]
[Site "Padova"]
[Date "2013.12.18"]
[Round "5.28"]
[White "Zangrando, Gianpietro"]
[Black "Viaggi, Stefano"]
[Result "0-1"]
[WhiteElo "1847"]
[BlackElo "2033"]
[PlyCount "118"]
[EventDate "2013.12.15"]
[EventType "swiss"]
[EventRounds "9"]
[EventCountry "ITA"]
[SourceTitle "EXT 2024"]
[Source "ChessBase"]
[SourceDate "2023.10.10"]
[SourceVersion "1"]
[SourceVersionDate "2023.10.10"]
[SourceQuality "1"]

1. Nf3 g6 2. g3 Bg7 3. Bg2 e6 4. d4 Ne7 5. 0-0 0-0 6. e4 d5 7. e5 c5 8. c3 Nbc6 9. Re1 Qb6 10. dxc5 Qxc5 11. Nbd2 Nf5 12. Nb3 Qb6 13. g4 Nfe7 14. Bf4 Bd7 15. Qd2 a5 16. Bh6 a4 17. Bxg7 Kxg7 18. Nbd4 Nxd4 19. Nxd4 Nc6 20. Re3 h6 21. Rh3 Rh8 22. Nxc6 bxc6 23. Bf1 Rab8 24. Rb1 c5 25. Qf4 Qd8 26. Rf3 Rf8 27. Qf6+ Qxf6 28. Rxf6 Bb5 29. Rf4 g5 30. Rf3 Bxf1 31. Kxf1 Rb7 32. Rd3 Rfb8 33. Rd2 c4 34. Ke2 a3 35. Kd1 f6 36. exf6+ Kxf6 37. Ke2 Rxb2 38. Rbd1 e5 39. Ke3 Rxd2 40. Rxd2 Ke6 41. Rc2 Rb2 42. Kd2 d4 43. Kc1 Rxc2+ 44. Kxc2 Kd5 45. f3 d3+ 46. Kd2 e4 47. Ke3 exf3 48. Kxf3 Ke5 49. Ke3 Kf6 50. h3 Kg6 51. Kd2 h5 52. Ke3 hxg4 53. hxg4 Kf6 54. Kd2 Ke5 55. Ke3 d2 56. Kxd2 Kf4 57. Ke2 Kxg4 58. Ke3 Kh3 59. Kf2 g4 0-1

[Event "Padova op-A 16th"]
[Site "Padova"]
[Date "2013.12.17"]
[Round "4.24"]
[White "Zangrando, Gianpietro"]
[Black "Fregonese, Giulio"]
[Result "0-1"]
[WhiteElo "1847"]
[BlackElo "2200"]
[PlyCount "78"]
[EventDate "2013.12.15"]
[EventType "swiss"]
[EventRounds "9"]
[EventCountry "ITA"]
[SourceTitle "EXT 2024"]
[Source "ChessBase"]
[SourceDate "2023.10.10"]
[SourceVersion "1"]
[SourceVersionDate "2023.10.10"]
[SourceQuality "1"]

1. Nf3 Nf6 2. g3 g6 3. Bg2 Bg7 4. 0-0 0-0 5. d4 d5 6. Ne5 Ng4 7. Nf3 c5 8. h3 Nf6 9. dxc5 Na6 10. Be3 Qc7 11. Bd4 Nxc5 12. Be5 Qd8 13. Nc3 Ncd7 14. Bd4 Nb6 15. Ne5 Be6 16. Nd3 Bd7 17. Ne5 Bc8 18. Rb1 e6 19. e3 Nbd7 20. Nxd7 Bxd7 21. e4 dxe4 22. Nxe4 e5 23. Bc5 Nxe4 24. Bxf8 Nxf2 25. Rxf2 Bxf8 26. Kh2 Qb6 27. Rxf7 Kxf7 28. Qxd7+ Kg8 29. Qd5+ Kh8 30. Qxb7 Qxb7 31. Bxb7 Rd8 32. Be4 Rd2+ 33. Kg1 Bc5+ 34. Kh1 Bf2 35. Kg2 Bd4+ 36. Kf3 Rf2+ 37. Kg4 Kg7 38. h4 Re2 39. Kf3 Re3+ 0-1

[Event "Cipressina op-A 2nd"]
[Site "Venice"]
[Date "2013.11.30"]
[Round "3"]
[White "Guerra, Alessandro"]
[Black "Zangrando, Gianpietro"]
[Result "0-1"]
[WhiteElo "2226"]
[BlackElo "1849"]
[PlyCount "54"]
[EventDate "2013.11.29"]
[EventType "swiss"]
[EventRounds "5"]
[EventCountry "ITA"]
[SourceTitle "EXT 2015"]
[Source "ChessBase"]
[SourceDate "2014.11.20"]
[SourceVersion "1"]
[SourceVersionDate "2014.11.20"]
[SourceQuality "1"]

1. Nf3 d5 2. b3 Nf6 3. Bb2 c5 4. e3 Nc6 5. Bb5 Qb6 6. a4 Bg4 7. h3 Bh5 8. g4 Bg6 9. Nc3 a6 10. g5 axb5 11. gxf6 Nb4 12. Nxd5 Nxd5 13. fxg7 Bxg7 14. Bxg7 Rg8 15. axb5 Rd8 16. Bb2 Nb4 17. Rg1 Kf8 18. d3 f6 19. Qd2 Qxb5 20. Qc3 Bxd3 21. Rxg8+ Kxg8 22. cxd3 Nxd3+ 23. Kf1 Nxb2+ 24. Kg1 Nd1 25. Qc2 Qd3 26. Qxc5 Kh8 27. Ra4 Qe2 0-1

[Event "Porto Mannu op 5th"]
[Site "Porto Mannu"]
[Date "2013.06.03"]
[Round "3"]
[White "Hoenick, Andreas"]
[Black "Zangrando, Gianpietro"]
[Result "1-0"]
[WhiteElo "2152"]
[BlackElo "1775"]
[PlyCount "79"]
[EventDate "2013.06.01"]
[EventType "swiss"]
[EventRounds "9"]
[EventCountry "ITA"]
[SourceTitle "CBM 154 Extra"]
[Source "ChessBase"]
[SourceDate "2013.06.25"]
[SourceVersion "2"]
[SourceVersionDate "2013.06.25"]
[SourceQuality "1"]

1. d4 e6 2. c4 d5 3. Nf3 c6 4. Qc2 f5 5. Bf4 Nf6 6. e3 Ne4 7. Bd3 Na6 8. 0-0 Nb4 9. Qb3 Nxd3 10. Qxd3 Be7 11. h3 0-0 12. Ne5 Bh4 13. Nd2 Ng5 14. b4 a6 15. a4 Bd7 16. Nb3 b6 17. c5 b5 18. axb5 cxb5 19. c6 Bc8 20. Nc5 Ne4 21. Nxe4 fxe4 22. Qb3 Be7 23. f3 exf3 24. Nxf3 Bd6 25. Bxd6 Qxd6 26. Ne5 Rf5 27. Qc3 Ra7 28. Rac1 Rc7 29. Qa3 Rf6 30. Qb2 Rf5 31. Rf2 g6 32. Rcf1 Re7 33. g4 Rxf2 34. Qxf2 Rc7 35. Qf6 Qe7 36. g5 Ra7 37. Qf4 Rc7 38. Ng4 Rxc6 39. Nh6+ Kg7 40. Qe5+ 1-0

[Event "ITA-ch Seniors 35th"]
[Site "Arco"]
[Date "2013.04.12"]
[Round "1"]
[White "Iudicello, Giovanni"]
[Black "Zangrando, Gianpietro"]
[Result "1-0"]
[WhiteElo "2127"]
[BlackElo "1784"]
[PlyCount "109"]
[EventDate "2013.04.12"]
[EventType "swiss"]
[EventRounds "9"]
[EventCountry "ITA"]
[SourceTitle "CBM 154 Extra"]
[Source "ChessBase"]
[SourceDate "2013.06.25"]
[SourceVersion "2"]
[SourceVersionDate "2013.06.25"]
[SourceQuality "1"]

1. e4 e6 2. Qe2 b6 3. f4 Ba6 4. d3 Nc6 5. Nf3 Nf6 6. Nc3 Be7 7. g3 0-0 8. Bg2 Bc5 9. e5 Ng4 10. Ne4 d5 11. Nxc5 bxc5 12. 0-0 Nh6 13. Be3 Qe7 14. Bf2 Rab8 15. b3 Nf5 16. c3 c4 17. dxc4 dxc4 18. b4 Rfd8 19. g4 Nh6 20. Bh4 f6 21. g5 Nf5 22. gxf6 Qe8 23. f7+ Kxf7 24. Bxd8 Rxd8 25. a4 Bb7 26. Rad1 Kg8 27. Rxd8 Nxd8 28. Rd1 Bd5 29. Nd4 Nxd4 30. Rxd4 Qg6 31. Rd2 Nc6 32. Kf1 Ne7 33. Bxd5 Nxd5 34. Qf3 Qb1+ 35. Ke2 c6 36. b5 cxb5 37. Rxd5 exd5 38. Qxd5+ Kf8 39. Qd6+ Ke8 40. Qe6+ Kd8 41. Qd6+ Ke8 42. Qe6+ Kd8 43. Qd5+ Kc8 44. axb5 Qc2+ 45. Qd2 Qe4+ 46. Kf2 Qh1 47. Ke3 Qg1+ 48. Ke4 Qb1+ 49. Ke3 Qxb5 50. Qd4 a5 51. e6 a4 52. e7 Qe8 53. Qxc4+ Kb7 54. Qd5+ Kb6 55. Qd8+ 1-0

[Event "Venice Region 73rd"]
[Site "Venice Campalto"]
[Date "2013.01.27"]
[Round "5.2"]
[White "Ballarin, Pietro"]
[Black "Zangrando, Gianpietro"]
[Result "1/2-1/2"]
[WhiteElo "1685"]
[BlackElo "1787"]
[PlyCount "57"]
[EventDate "2013.01.25"]
[EventType "swiss"]
[EventRounds "5"]
[EventCountry "ITA"]
[SourceTitle "EXT 2023"]
[Source "ChessBase"]
[SourceDate "2022.10.05"]
[SourceVersion "1"]
[SourceVersionDate "2022.10.05"]
[SourceQuality "1"]

1. e4 e6 2. d4 d5 3. Nd2 Nf6 4. e5 Nfd7 5. Bd3 c5 6. c3 Nc6 7. Ne2 b6 8. 0-0 cxd4 9. cxd4 Nb4 10. Bb1 Ba6 11. a3 Nd3 12. Nf3 Nxc1 13. Nxc1 Bxf1 14. Qxf1 Be7 15. Ne2 0-0 16. Nc3 f5 17. exf6 Rxf6 18. Qd3 Rg6 19. Bc2 Rc8 20. Re1 Nf8 21. Qe2 Rh6 22. Ne5 Bf6 23. Ng4 Rh4 24. g3 Rxg4 25. Qxg4 Rc4 26. Rd1 e5 27. Qf5 e4 28. Nxe4 dxe4 29. Bb3 1/2-1/2

[Event "Venice Region 73rd"]
[Site "Venice Campalto"]
[Date "2013.01.27"]
[Round "4.3"]
[White "Loris, Stefano"]
[Black "Zangrando, Gianpietro"]
[Result "1/2-1/2"]
[WhiteElo "1710"]
[BlackElo "1787"]
[PlyCount "93"]
[EventDate "2013.01.25"]
[EventType "swiss"]
[EventRounds "5"]
[EventCountry "ITA"]
[SourceTitle "EXT 2023"]
[Source "ChessBase"]
[SourceDate "2022.10.05"]
[SourceVersion "1"]
[SourceVersionDate "2022.10.05"]
[SourceQuality "1"]

1. d4 e6 2. c4 d5 3. e3 c6 4. Bd3 Bd6 5. Nf3 f5 6. Nbd2 Nf6 7. Ne5 0-0 8. 0-0 Nbd7 9. Ndf3 Qc7 10. Nxd7 Bxd7 11. c5 Be7 12. Ne5 Be8 13. a4 Bxc5 14. b3 Bd6 15. Ba3 Bh5 16. Qc1 Nd7 17. f4 Rf6 18. Bxd6 Qxd6 19. Qe1 Rh6 20. Nf3 Bxf3 21. Rxf3 Nf6 22. h3 Kh8 23. Ra2 Rg8 24. Rg3 Qe7 25. Kf1 Nd7 26. Rg5 Nf6 27. Ke2 Rh5 28. Rxh5 Nxh5 29. g4 fxg4 30. hxg4 Nf6 31. g5 Ne4 32. Bxe4 dxe4 33. Kd1 Qd7 34. Kc1 Qd5 35. Qc3 Rc8 36. Kb1 Kg8 37. Rh2 g6 38. Kb2 a6 39. Qe1 Qf5 40. Qb4 Qf8 41. Qe1 Qf5 42. Qb4 Qf8 43. Qb6 Qe7 44. Qa5 Rf8 45. Qe5 Rf5 46. Qb8+ Rf8 47. Qe5 1/2-1/2

[Event "Venice Region 73rd"]
[Site "Venice Campalto"]
[Date "2013.01.26"]
[Round "2.2"]
[White "Zangrando, Gianpietro"]
[Black "Cesaro, Giuliano"]
[Result "1-0"]
[WhiteElo "1787"]
[BlackElo "1869"]
[PlyCount "87"]
[EventDate "2013.01.25"]
[EventType "swiss"]
[EventRounds "5"]
[EventCountry "ITA"]
[SourceTitle "EXT 2023"]
[Source "ChessBase"]
[SourceDate "2022.10.05"]
[SourceVersion "1"]
[SourceVersionDate "2022.10.05"]
[SourceQuality "1"]

1. Nf3 d5 2. d4 Nf6 3. c4 c6 4. Nc3 e6 5. g3 Nbd7 6. Bg2 Bd6 7. 0-0 0-0 8. Qc2 Re8 9. e4 dxe4 10. Nxe4 Nxe4 11. Qxe4 Nf6 12. Qd3 h6 13. Rd1 a5 14. Ne5 Qc7 15. Qe2 Bxe5 16. dxe5 Nd7 17. f4 Ra6 18. Be3 c5 19. Qf2 a4 20. Rd3 Rb6 21. b3 axb3 22. axb3 Ra6 23. Rad1 Ra3 24. Qd2 Nf8 25. Qf2 b6 26. Qf3 Ra7 27. Qc6 Re7 28. Rd8 Bb7 29. Qxc7 Rxc7 30. R8d6 Bxg2 31. Kxg2 Rd7 32. Kf3 Rxd6 33. exd6 Nd7 34. h4 Ra3 35. Rb1 f5 36. Bd2 Kf7 37. h5 e5 38. Bc3 e4+ 39. Ke3 g5 40. hxg6+ Kxg6 41. g4 Kf7 42. g5 Nf8 43. Bf6 Nh7 44. Rb2 1-0

[Event "Arco op 34th"]
[Site "Arco"]
[Date "2012.10.17"]
[Round "5"]
[White "Kern, Beat"]
[Black "Zangrando, Gianpietro"]
[Result "1-0"]
[WhiteElo "1624"]
[BlackElo "1800"]
[PlyCount "97"]
[EventDate "2012.10.13"]
[EventType "swiss"]
[EventRounds "9"]
[EventCountry "ITA"]
[SourceTitle "EXT 2013"]
[Source "ChessBase"]
[SourceDate "2012.11.22"]
[SourceVersion "1"]
[SourceVersionDate "2012.11.22"]
[SourceQuality "1"]

1. Nf3 g6 2. c4 Bg7 3. d4 d6 4. Nc3 Nd7 5. e4 e5 6. Be3 c6 7. Be2 Ngf6 8. h3 0-0 9. 0-0 Kh8 10. Qd2 Ng8 11. dxe5 dxe5 12. Rad1 Qe7 13. Qd6 f5 14. Qxe7 Nxe7 15. b4 Nf6 16. Bc5 Nfg8 17. Bd6 fxe4 18. Nxe4 Bf5 19. Nfd2 Rfd8 20. Rfe1 Rd7 21. c5 Nd5 22. a3 Nge7 23. Bf3 Re8 24. Kh2 Nc8 25. Rc1 Nf4 26. Be2 b5 27. Rcd1 Nd5 28. Bf3 h6 29. Kg1 Nf4 30. Kh2 Be6 31. Bg4 Bxg4 32. hxg4 Rf7 33. Nf3 Nd5 34. Rd2 Rf4 35. g5 hxg5 36. Nfxg5 Nxd6 37. Nxd6 Bh6 38. Ngf7+ Kg7 39. Nxh6 Kxh6 40. Nxe8 e4 41. Kg3 g5 42. Rh1+ Kg6 43. Nd6 Nf6 44. Re2 Rg4+ 45. Kh2 Rf4 46. Kg1 Kg7 47. g3 Rg4 48. Nf5+ Kg6 49. Ne3 1-0

[Event "ITA-ch Seniors 34th"]
[Site "Arvier"]
[Date "2012.04.22"]
[Round "9"]
[White "Scalfi, Agostino"]
[Black "Zangrando, Gianpietro"]
[Result "1/2-1/2"]
[WhiteElo "1923"]
[BlackElo "1780"]
[PlyCount "28"]
[EventDate "2012.04.14"]
[EventType "swiss"]
[EventRounds "9"]
[EventCountry "ITA"]
[SourceTitle "CBM 148 Extra"]
[Source "ChessBase"]
[SourceDate "2012.06.22"]
[SourceVersion "1"]
[SourceVersionDate "2012.06.22"]
[SourceQuality "1"]

1. e4 e6 2. d4 d5 3. Nc3 Bb4 4. Bd3 dxe4 5. Bxe4 Nf6 6. Bg5 h6 7. Bxf6 Qxf6 8. Nf3 0-0 9. 0-0 Nd7 10. Ne2 Rd8 11. Bd3 b6 12. Ng3 Bb7 13. Nh5 Qe7 14. Qe2 Nf6 1/2-1/2